000 00558nam a2200205Ia 4500
003 GCL
008 140319s9999 xx 000 0 eng d
040 _aGCL /
_cGCL
082 0 4 _a194
_bR C
100 1 _aROUSSEAU, JEAN JACQUES
245 1 0 _aLES CONFESSIONS /
_cROUSSEAU, JEAN JACQUES
700 1 _aLAUNAY, MICHAEL
260 _a[S.N] :
_bGF - FLAMMARION ،
_c1968
300 _a309 P
650 0 4 _aROUSSEAU, JEAN - JACQUES(1712
650 0 4 _aFRENCH PHILOSOPHY
650 0 4 _aAUTOBIOGRAPHY
650 0 4 _aPHILOSOPHERS - BIOGRAPHIES
942 _2ddc
_cBK
999 _c16089
_d16089